| 000 | 00838nam a2200241Ia 4500 | ||
|---|---|---|---|
| 003 | OSt | ||
| 005 | 20220916110909.0 | ||
| 006 | a|||||r|||| 00| 0 | ||
| 007 | ta | ||
| 008 | 220915b |||||||| |||| 00| 0 hin d | ||
| 024 | _a267577 | ||
| 037 | _cTextbook | ||
| 040 |
_bhin _aARTS _cARTS |
||
| 041 | _ahin | ||
| 082 | _aO152,3x, K2 | ||
| 100 | _aचतुर्वेदी, परशुराम | ||
| 245 | 0 | _aहिन्दी के सूफ़ी प्रेमाख्यान | |
| 246 | _aHindī ke sūफ़ī premākhyāna | ||
| 260 |
_aबम्बई _bहिन्दी ग्रन्थ रत्नाकर ु _c1962 |
||
| 650 | _aहिन्दी साहित्य | ||
| 942 |
_hO152,3x, K2 _cTB _2CC |
||
| 999 |
_c100708 _d100708 |
||